The story of Cairo /

محفوظ في:

المؤلف الرئيسي: Lane-Poole, Stanley, 1854-1931. (مؤلف)

التنسيق: كتاب

اللغة: English

منشور في: London : J.M. Dent & Co., 1924.

سلاسل: The Mediaeval town series.

الموضوعات:

الوسوم: إضافة وسم

لا توجد وسوم, كن أول من يضع وسما على هذه التسجيلة!

رقم الطلب: DT143 .L33 1924

LEADER 00787namaa2200229 4500
001 16413
003 OSt
005 20220307141820.0
008 130303s1924 enkef g 000 0 eng d
952 |0 0  |1 0  |2 lcc  |4 0  |6 DT0143 L33 01924  |7 1  |9 38168  |a ARCE  |b ARCE  |d 2022-03-07  |l 0  |o DT143 .L33 1924  |p 1003643  |r 2022-03-07 00:00:00  |w 2022-03-07  |y BK 
999 |c 14163  |d 14163 
010 |a 02015622 
040 |c ARCE Library 
050 4 |a DT143 .L33 1924 
100 1 |a Lane-Poole, Stanley,   |d 1854-1931.  |e author 
245 1 4 |a The story of Cairo /   |c by Stanley Lane-Poole. 
264 1 |a London :   |b J.M. Dent & Co.,   |c 1924. 
300 |a xx, 339 pages, [1] pages :   |b includes front., plates, plans ;   |c 18 cm. 
490 0 |a The Mediaeval town series. 
651 0 |a Cairo (Egypt). 
901 |a reviewed 
942 |c BK  |2 lcc